|
|
|
|
| LEADER |
01188pam a22003018a 4500 |
| 001 |
00031180 |
| 005 |
20171026081025.0 |
| 008 |
130918s2011 |||||| sd |
| 020 |
|
|
|c 35000
|
| 082 |
1 |
4 |
|a 069.095 97
|b L302S
|
| 100 |
1 |
# |
|a Nguyễn, Thị Huệ
|
| 245 |
1 |
0 |
|a Lịch sử sự nghiệp bảo tồn bảo tàng Việt Nam
|c Nguyễn Thị Huệ
|b Giáo trình dành cho sinh viên đại học và cao đẳng ngành bảo tàng
|
| 250 |
# |
# |
|b Tái bản có sửa chữa, bổ sung
|
| 260 |
# |
# |
|a Hà Nội
|b Đại học quốc gia Hà Nội
|c 2011
|
| 300 |
# |
# |
|a 232 tr.
|c 21 cm.
|
| 500 |
# |
# |
|a Đầu bìa sách ghi: Bộ Văn hóa, thể thao và du lịch. Trường Đại học văn hóa Hà Nội
|
| 653 |
# |
# |
|a Bảo tàng
|
| 653 |
# |
# |
|a Việt Nam
|
| 653 |
# |
# |
|a Sự nghiệp
|
| 653 |
# |
# |
|a Lịch sử
|
| 653 |
# |
# |
|a Bảo tồn
|
| 852 |
# |
# |
|j KD.0014964
|j KM.0016001
|
| 852 |
# |
# |
|b Kho đọc
|j KD.0014964
|
| 852 |
# |
# |
|b Kho mượn
|j KM.0016001
|
| 910 |
|
|
|e 9/2013
|d 18/09/2013
|
| 980 |
# |
# |
|a Trung tâm Học liệu Lê Vũ Hùng, Trường Đại học Đồng Tháp
|